Bundesliga (Germany) Top 4 Positions - Statistics

General Stats
  • This quiz has been taken 782 times
    524 since last reset
  • The average score is 17 of 26
Answer Stats
Answer % Correct
Bayern Munich
100%
Borussia Dortmund
100%
Bayer Leverkusen
93%
Schalke 04
91%
Hamburger SV
90%
Stuttgart
90%
Wolfsburg
89%
Werder Bremen
87%
Eintracht Frankfurt
86%
Borussia Mönchengladbach
85%
RB Leipzig
85%
Köln
82%
Union Berlin
79%
Hannover 96
74%
Kaiserslautern
74%
Hoffenheim
72%
1. FC Nürnberg
70%
Freiburg
63%
Fortuna Düsseldorf
51%
Eintracht Braunschweig
45%
1860 Munich
44%
Alemannia Aachen
31%
Hertha Berlin
19%
Bayer 05 Uerdingen
18%
Wuppertaler SV
10%
Meidericher SV
8%
No matching quizzes found
Score Distribution
Percent of People with Each Score
Percentile by Number Answered
Your Score History
You have not taken this quiz since the last reset